000 00756nas a2200253 4500
001 BR8700477
003 BR-BrBNA
005 20231205090547.0
007 ta
008 230509b bl.|||p| |||| 00| 00por d
040 _aBR-BrBNA
_bpor
_cBiblioteca Nacional de Agricultura
041 _a(Pt)
072 _aL72
100 1 _aAzeredo-Espin, A.M.L. de
100 1 _aSilveira, G.A.R.
100 1 _aPavan, C.
245 1 _aParasitoides (Hymenoptera; Chalcidoidea)de Cochliomyia hominivorax (Diptera: Calliphoridae)
650 _aBOVINO
650 _aBERNE
650 _aMIIASE
773 0 _tCiencia e Cultura (Brazil)
_xISSN 0009-6725
_g(May 1985), v. 37(5) p. 826-827
_wBR8700477
909 _a202311
_bLúcia
_c55
_dLúcia Elande
942 _2AGRIS
_n0
_cANA
999 _c119334
_d119334